000 01233 a2200229 4500
003 MN-UlNLM
005 20220602154803.0
008 a130t2000 mp ||||| |||| 00| 0 mon d
040 _aМонгол Улсын Үндэсний номын сан
084 _a78.37
_2NNA
_bЗ-88
_q7
110 _aСоёл урлаг судлалын хүрээлэн, УТНС., Монголын номын санчдын холбоо
245 0 _aЗохиогчийн үсэг дарааллын гурван тэмдэгт
_cБоловс. Ж.Цэзэн, Ш.Базар
_cРед. Н.Цагаач
250 _a3
260 1 _aУБ
_bМөнхийн үсэг
_c2000
300 _a267х
546 _aMongolia
653 _aСоёл шинжлэх ухаан, боловсрол
_aНомын сан
740 _aЗохиогчийн үсэг дарааллын 3 тэмдэгтийг хэрэглэх журам.
_aОрос хэлний номд зориулсан зохиогчийн үсэг дарааллын 2 тэмдэгт.
_aЛатин үсэг хэрэглэдэг улсуудын номд зориулсан зохиогчийн үсэг дарааллын 2 тэмдэгт.
856 _aprintbook
942 _cBK
999 _c66294
_d66294